000 00866nam a22002775a 4500
999 _c7161
_d7161
001 13653654
003 OSt
005 20210908100852.0
008 040713s2002 enka b 001 0 eng
015 _aGBA0-U9048
020 _a0854046224
035 _a(OCoLC)ocm45580573
040 _aUKM
_cDDC
_dC#P
_dDLC
042 _alccopycat
082 0 4 _a547HIL2002
100 1 _aHill, Anthony F.
_914739
245 1 0 _aOrganotransition metal chemistry /
_cEdited by Hill,Anthony F.
260 _aCambridge, UK :
_bRoyal Society of Chemistry,
_cc2002.
300 _avi,185p;
_bill. ;
_c25 cm.
440 0 _aTutorial chemistry texts ;
_v7
_914741
504 _aIncludes; bibliographical references and index.
650 0 _aChemistry
_9797
906 _a0
_bibc
_ccopycat
_d3
_encip
_f20
_gy-gencatlg
942 _2ddc
_cO_SHELF